<?xml version="1.0" encoding="UTF-8"?>
<record
    xmlns:xsi="http://www.w3.org/2001/XMLSchema-instance"
    xsi:schemaLocation="http://www.loc.gov/MARC21/slim http://www.loc.gov/standards/marcxml/schema/MARC21slim.xsd"
    xmlns="http://www.loc.gov/MARC21/slim">

  <leader>02272nam a2200349 a 4500</leader>
  <controlfield tag="001">ebr10132964</controlfield>
  <controlfield tag="003">CaPaEBR</controlfield>
  <controlfield tag="006">m        u        </controlfield>
  <controlfield tag="007">cr cn|||||||||</controlfield>
  <controlfield tag="008">040325s2004    enk     sb    001 0 eng  </controlfield>
  <datafield tag="010" ind1=" " ind2=" ">
    <subfield code="z">  2004268955</subfield>
  </datafield>
  <datafield tag="020" ind1=" " ind2=" ">
    <subfield code="z">1860648991</subfield>
  </datafield>
  <datafield tag="040" ind1=" " ind2=" ">
    <subfield code="a">CaPaEBR</subfield>
    <subfield code="c">CaPaEBR</subfield>
  </datafield>
  <datafield tag="035" ind1=" " ind2=" ">
    <subfield code="a">(OCoLC)57351808</subfield>
  </datafield>
  <datafield tag="043" ind1=" " ind2=" ">
    <subfield code="a">aw-----</subfield>
  </datafield>
  <datafield tag="050" ind1="1" ind2="4">
    <subfield code="a">DS63.1</subfield>
    <subfield code="b">.D54 2004eb</subfield>
  </datafield>
  <datafield tag="082" ind1="0" ind2="4">
    <subfield code="a">327.56</subfield>
    <subfield code="2">21</subfield>
  </datafield>
  <datafield tag="245" ind1="0" ind2="0">
    <subfield code="a">Diplomacy in the Middle East</subfield>
    <subfield code="h">[electronic resource] :</subfield>
    <subfield code="b">the international relations of regional and outside powers /</subfield>
    <subfield code="c">edited by L. Carl Brown.</subfield>
  </datafield>
  <datafield tag="250" ind1=" " ind2=" ">
    <subfield code="a">New ed.</subfield>
  </datafield>
  <datafield tag="260" ind1=" " ind2=" ">
    <subfield code="a">London ;</subfield>
    <subfield code="a">New York :</subfield>
    <subfield code="b">I.B. Tauris,</subfield>
    <subfield code="c">2004.</subfield>
  </datafield>
  <datafield tag="300" ind1=" " ind2=" ">
    <subfield code="a">xxxiii, 365 p.</subfield>
  </datafield>
  <datafield tag="504" ind1=" " ind2=" ">
    <subfield code="a">Includes bibliographical references (p. 327-351) and index.</subfield>
  </datafield>
  <datafield tag="505" ind1="0" ind2=" ">
    <subfield code="t">The four great powers. France's Arab policy /</subfield>
    <subfield code="r">R&#xFFFD;emy Leveau --</subfield>
    <subfield code="t">Britain and the Middle East after 1945 /</subfield>
    <subfield code="r">Wm. Roger Louis --</subfield>
    <subfield code="t">America and the Middle East /</subfield>
    <subfield code="r">William B. Quandt --</subfield>
    <subfield code="t">The Middle East in Russia's strategic prism /</subfield>
    <subfield code="r">Alvin Z. Rubinstein --</subfield>
    <subfield code="t">Israel and the Arabs. Egypt /</subfield>
    <subfield code="r">Michael Doran --</subfield>
    <subfield code="t">Israeli foreign policy /</subfield>
    <subfield code="r">Bernard Reich --</subfield>
    <subfield code="t">In search of budget security : Jordanian foreign policy / Laurie A. Brand --</subfield>
    <subfield code="t">The foreign policy of Syria / C. Ernest Dawn --</subfield>
    <subfield code="t">The larger Arab world. Iraqi foreign policy /</subfield>
    <subfield code="r">Phebe Marr --</subfield>
    <subfield code="t">Moroccan foreign policy /</subfield>
    <subfield code="r">I. William Zartman --</subfield>
    <subfield code="t">Saudi Arabia's foreign policy / Hermann Frederick Eilts --</subfield>
    <subfield code="t">The other Middle East. Iran /</subfield>
    <subfield code="r">Shaul Bakhash --</subfield>
    <subfield code="t">Turkey's foreign policy : independent or reactive? /</subfield>
    <subfield code="r">George S. Harris --</subfield>
    <subfield code="t">Rounding out the area. The foreign policies of other Middle Eastern states /</subfield>
    <subfield code="r">L. Carl Brown --</subfield>
    <subfield code="t">Conclusion : making sense of Middle Eastern diplomacy /</subfield>
    <subfield code="r">L. Carl Brown.</subfield>
  </datafield>
  <datafield tag="533" ind1=" " ind2=" ">
    <subfield code="a">Electronic reproduction.</subfield>
    <subfield code="b">Palo Alto, Calif. :</subfield>
    <subfield code="c">ebrary,</subfield>
    <subfield code="d">2013.</subfield>
    <subfield code="n">Available via World Wide Web.</subfield>
    <subfield code="n">Access may be limited to ebrary affiliated libraries.</subfield>
  </datafield>
  <datafield tag="650" ind1=" " ind2="0">
    <subfield code="a">World politics</subfield>
    <subfield code="y">1945-1989.</subfield>
  </datafield>
  <datafield tag="650" ind1=" " ind2="0">
    <subfield code="a">World politics</subfield>
    <subfield code="y">1989-</subfield>
  </datafield>
  <datafield tag="651" ind1=" " ind2="0">
    <subfield code="a">Middle East</subfield>
    <subfield code="x">Foreign relations.</subfield>
  </datafield>
  <datafield tag="655" ind1=" " ind2="7">
    <subfield code="a">Electronic books.</subfield>
    <subfield code="2">local</subfield>
  </datafield>
  <datafield tag="700" ind1="1" ind2=" ">
    <subfield code="a">Brown, L. Carl</subfield>
    <subfield code="q">(Leon Carl),</subfield>
    <subfield code="d">1928-</subfield>
  </datafield>
  <datafield tag="710" ind1="2" ind2=" ">
    <subfield code="a">ebrary, Inc.</subfield>
  </datafield>
  <datafield tag="856" ind1="4" ind2="0">
    <subfield code="u">http://site.ebrary.com/lib/rucke/Doc?id=10132964</subfield>
    <subfield code="z">An electronic book accessible through the World Wide Web; click to view</subfield>
  </datafield>
  <datafield tag="999" ind1=" " ind2=" ">
    <subfield code="c">182573</subfield>
    <subfield code="d">182573</subfield>
  </datafield>
</record>
